00611 a2200169 45000010006000000050017000060080041000230030015000640400040000790800022001192450037001410200018001782640044001963000019002405050150002591000032004095461420260407155820.0260407a1986 arg spa dAR-UNSa-BCEJYS aAR-UNSa-BCEJYSbspacAR-UNSa-BCEJYS a321.7xDemocracia10aTeoría de la democracia social a950-43-0832-5 1aBuenos Aires :bEdiciones Depalmac1986 a492 p.c23 cm. aI. ¿Existen rasgos predeterminantes para fundar una democracia social? - II. Del ser de la argentinidad - III. Teoría de la democracia social 1 aFiguerola, Francisco José